Harry Potter Fill in the Quote Quiz Stats

 Plays Quiz not verified by Sporcle

Score 0/182 Timer 10:00
0 Plays Today
% Correct
A
97.2%
and
97.2%
the
97.2%
and
97.2%
The
97.2%
and
97.2%
the
97.2%
and
97.2%
and
97.2%
And
97.2%
a
97.2%
and
97.2%
And
97.2%
a
97.2%
a
97.2%
I
90.9%
I
90.9%
I
90.9%
you
72.1%
you
72.1%
you
72.1%
You
72.1%
you
72.1%
you
72.1%
You
72.1%
You
72.1%
71.5%
be
65.5%
be
65.5%
to
63.6%
To
63.6%
in
62.5%
in
62.5%
in
62.5%
in
62.5%
in
62.5%
in
62.5%
in
62.5%
on
60.6%
on
60.6%
on
60.6%
me
58.3%
me
58.3%
me
58.3%
are
56.5%
are
56.5%
So
55.7%
So
55.7%
can
55.5%
can
55.5%
can
55.5%
will
55%
Will
55%
Where
53.8%
Where
53.8%
Where
53.8%
Where
53.8%
not
51.9%
if
51.9%
If
51.9%
of
51.8%
% Correct
of
51.8%
what
49.8%
For
47.7%
For
47.7%
they
47.5%
your
45.9%
Your
45.9%
your
45.9%
your
45.9%
see
44.6%
see
44.6%
But
43.6%
Gryffindor
43.2%
Gryffindors
43.2%
Hufflepuff
42.7%
Hufflepufffs
42.7%
Slytherin
42.7%
Ravenclaw
42.3%
hat
42.3%
hats
42.3%
Hat
42.3%
Hat
42.3%
at
42%
brave
41.6%
have
40.9%
think
40.8%
I'm
40.2%
I'm
40.2%
I'm
40.2%
Hogwarts
40%
Sorting
39.9%
Sorting
39.9%
wit
39.5%
tell
39.2%
don't
39.1%
Don't
39.1%
don't
39.1%
may
37.8%
all
37.4%
Or
37.1%
Or
37.1%
put
36.2%
heart
35.7%
Their
34.8%
their
34.8%
their
34.8%
might
34.6%
might
34.6%
them
34%
find
33.8%
find
33.8%
can't
33.2%
belong
33.2%
belong
33.2%
than
31.3%
head
31%
I'll
29.8%
loyal
29.6%
dwell
29.1%
just
28%
pretty
27.9%
% Correct
Oh
27.6%
Those
27.6%
those
27.6%
Those
27.6%
cunning
27.6%
ought
26.8%
You're
26.8%
try
26.4%
true
26.1%
friends
25.5%
mind
25.3%
smarter
24.2%
get
24.2%
kind
23.6%
You'll
22.6%
afraid
22.5%
Though
22.5%
apart
22.3%
eat
22.3%
Set
22.2%
cap
22%
Cap
22%
keep
21.9%
always
21.8%
judge
21.6%
myself
21.4%
old
21.3%
any
21.3%
Thinking
20.7%
perhaps
19.5%
top
19%
nothing
18.9%
real
18.8%
make
18.7%
There's
18.2%
you've
18.2%
daring
18.1%
chivalry
17.9%
wise
17.4%
black
16.9%
toil
16.7%
bowlers
16.5%
folks
15.8%
nerve
15.7%
tall
15.6%
none
15.5%
use
15.3%
ends
15%
unafraid
14.9%
hands
14.6%
ready
14.1%
learning
13.7%
means
13.6%
achieve
13.6%
hidden
13.3%
yet
13.2%
sleek
12.8%
safe
11.9%
flap
10%
patient
9.8%

You're not logged in!

Compare scores with friends on all Sporcle quizzes.
OR
Log In

Show Comments

Extras

Top Quizzes Today


Score Distribution

Your Account Isn't Verified!

In order to create a playlist on Sporcle, you need to verify the email address you used during registration. Go to your Sporcle Settings to finish the process.

Report this User

Report this user for behavior that violates our Community Guidelines.

Details: